000
00283nam a22001337a 4500
003
SGT
082
_a
617.643
_b
E16D
100
_a
DAR, NAHIDA
245
_a
EVALUATION OF STABILITY ADAPTABILITY
260
_a
SGTU
_c
2016
300
_a
81
650
_a
ORAL SURGERY
942
_2
ddc
_c
TH
999
_c
20646
_d
20646